00239nam a2200097Ia 4500008004100000082001600041100002600057245001800083260003200101300000800133150731s2010 xx 000 0 und d a611bH 10 P aPRIVES, M. BUSHKOVICH aHUMAN ANATOMY bPARAGON- MOSCON DELHIc2010 a440